Statistiken für Deutsche Flüsse auf einer Karte

Klicken Sie hier um das Quiz zu spielen!

Allgemein

  • Dieses Quiz wurde 66.353 mal gespielt
  • Das Durchschnittsergebnis liegt bei 14 aus 27

Antworten auf der Karte

Die Antworten werden auf der Karte rot bzw. grün angezeigt, abhängig davon wie oft sie richtig erraten wurden.
 

Antwortstatistiken

Länge kmFluss% Korrekt
1'048Rhein
98%
2'811Donau
96%
1'094Elbe
90%
524Main
85%
866Oder
74%
382Spree
71%
452Weser
69%
517Inn
68%
286Isar
65%
545Mosel
56%
367Neckar
53%
219Ruhr
49%
371Ems
48%
325Havel
47%
413Saale
43%
227Saar
43%
218Fulda
42%
264Lech
35%
292Werra
31%
191Regen
29%
246Lahn
27%
281Leine
27%
220Lippe
27%
260Aller
23%
117Wupper
23%
124Trave
18%
49Dreisam
16%

Verteilung der Resultate

Perzentil nach korrekt beantworteten Fragen

Anzahl Personen mit jedem Resultat

Ihre Resultats-Entwicklung

Sie haben dieses Quiz noch nicht gespielt